Azzal a lábával nyer, amit egy baleset majdnem elvett tőle

Bibliographic Details
Main Authors: Hudák, Katalin, 1977- (Author, Interviewer), Tóth, Ladislav, 1978-2012 (Author)
Format: Article
Language:Hungarian
Subjects:

MARC

LEADER 00000nab a2200000 a 4500
001 vtls008426700
003 SK-MaSNL
005 20260318123916.0
008 160322 2006 xo | |000 0|hun
015 |a SNBRB2006/01 
038 |a KEVKJB 
040 |a KEVKJB  |b slo  |c KEVKJB  |e AACR2 
041 0 |a hun 
044 |a xo  |c SK 
080 |a 796.835.071  |2 UDC-MRF-SK2 
080 |a 929 Tóth, László  |2 UDC-MRF-SK2 
100 1 |a Hudák, Katalin,  |d 1977-  |4 ivr  |4 aut  |9 868228 
245 1 0 |a Azzal a lábával nyer, amit egy baleset majdnem elvett tőle  |c Hudák Katalin, Tóth László 
300 |b Fotogr. 
600 1 7 |a Tóth, László,  |d 1978-  |2 kevkjb  |9 872482 
650 0 7 |a kickbox  |2 kevkjb  |9 78614 
700 1 |a Tóth, Ladislav,  |d 1978-2012  |4 ive  |4 aut  |9 244764 
773 0 |t Kassai Figyelő  |g Évf. IV, sz. 1 (2006), o. 16-17 
852 |a KEVKJB  |b KIS3GCP 
958 |a HU 
958 |a BX 
999 |c 2515212  |d 2517142